000
00456nam a2200133Ia 4500
008
100328s9999 xx 000 0 und d
082
_b
5436
100
_a
---
245
_a
मराठी ग्रंथालयाचा इतिहास
260
_b
पूजा
630
_a
मराठी ग्रंथालयाचा इतिहास
730
_a
मराठी ग्रंथालयाचा इतिहास
942
_c
BOOK
999
_c
501434
_d
501431